000 00602nam a2200205 i 4500
001 115436
003 ES-MaACL
005 20250825062557.0
007 t|
008 070308s1930 sp ||||1| spa d
080 _a821.134.2-23"18"
100 1 _aDicenta, Joaquín,
_d1863-1917
_944474
245 1 3 _aEl lobo
_b: drama en tres actos /
_cJoaquín Dicenta.
260 _aMadrid :
_bPrensa Moderna,
_c1930.
300 _a48 p. ;
_c17 cm.
490 1 _aEl Teatro moderno ;
_v255
830 0 3 _aEl teatro moderno (Prensa Moderna)
_v255
_9182365
852 _aES-MaACL
_jC-13110
999 _c115436
_d115436